Cronologías de los hechos: informe de la Comisión de la Verdad y la Reconciliación
detalla los hallazgos de la Comisión de la Verdad y la Reconciliación. Este informe, contenido en el Tomo I de 551 páginas, se enfoca en arrojar luz sobre los eventos pasados con el objetivo de evitar su repetición. La Comisión analiza y documenta los hechos históricos, conflictos y violaciones a lo...
Salvato in:
| Natura: | testo |
|---|---|
| Lingua: | Spanish |
| Soggetti: | |
| Tags: |
Aggiungi Tag
Nessun Tag, puoi essere il primo ad aggiungerne!!
|
MARC
| LEADER | 00000 a a2200000 04500 | ||
|---|---|---|---|
| 001 | 44527 | ||
| 003 | cru IIS | ||
| 005 | 20230903081056.0 | ||
| 008 | 230903b |||||||| |||| 00| 0 spa d | ||
| 040 | |c CRAI | ||
| 245 | |a Cronologías de los hechos: |b informe de la Comisión de la Verdad y la Reconciliación | ||
| 520 | |a detalla los hallazgos de la Comisión de la Verdad y la Reconciliación. Este informe, contenido en el Tomo I de 551 páginas, se enfoca en arrojar luz sobre los eventos pasados con el objetivo de evitar su repetición. La Comisión analiza y documenta los hechos históricos, conflictos y violaciones a los derechos humanos ocurridos en un período determinado. El informe no solo busca proporcionar una narrativa objetiva y completa de los acontecimientos, sino también contribuir a la reconciliación y la construcción de una sociedad justa y pacífica. RAR 08/2023 | ||
| 650 | 0 | |2 OCDE |9 38 |a DERECHOS HUMANOS | |
| 650 | 0 | |2 OCDE |9 4728 |a CONFLICTOS | |
| 650 | 0 | |2 UNESCO |9 5609 |a NARRATIVA | |
| 650 | 0 | |2 OCDE |9 5923 |a PROCESOS DE PAZ | |
| 650 | 0 | |2 OCDE |9 138 |a PAZ | |
| 650 | 0 | |2 OCDE |9 9977 |a INFORMES | |
| 773 | |g Tomo II, 790 páginas | ||
| 942 | |2 ddc |c LI | ||
| 999 | |c 26135 |d 26135 | ||
